| 000 | 00985nam a22001937a 4500 | ||
|---|---|---|---|
| 999 |
_c61368 _d61368 |
||
| 005 | 20240226113716.0 | ||
| 008 | 240226s2016 tu ||||| |||| 00| 0 tur d | ||
| 020 | _a9789941228490 | ||
| 080 | _a821.512.161-82 თ-86 | ||
| 245 |
_aთურქული ლიტერატურის ქრესტომათია = Türk edebiyati ders kitabi Birinci cilt : _bწიგნი I = kitap I / _cრედ. მარიკა ჯიქია. |
||
| 264 |
_aთბილისი : _bუნივერსალი, _c2016. |
||
| 300 |
_a176 გვ.; _b26 სმ. |
||
| 521 | _aეძღვნება სტუდენტის ნინო სამხარაძის ხსოვნას | ||
| 653 | _aთურქული ლიტერატურა | ||
| 653 | _aთურქი პოეტები | ||
| 653 | _aთურქი მწერლები | ||
| 700 |
_aჯიქია, მარიკა _eრედაქტორი _921288 |
||
| 942 |
_2udc _cBK |
||